Foundations of electronics / (Record no. 175658)

000 -LEADER
fixed length control field 00672 a2200205 4500
003 - CONTROL NUMBER IDENTIFIER
control field Nust
005 - DATE AND TIME OF LATEST TRANSACTION
control field 20221121175228.0
010 ## - LIBRARY OF CONGRESS CONTROL NUMBER
LC control number 98041278
020 ## - INTERNATIONAL STANDARD BOOK NUMBER
International Standard Book Number 0766804240
040 ## - CATALOGING SOURCE
Transcribing agency Nust
082 00 - DEWEY DECIMAL CLASSIFICATION NUMBER
Classification number 621.381,MEA
100 1# - MAIN ENTRY--PERSONAL NAME
Personal name Meade, Russell L.
9 (RLIN) 81380
245 10 - TITLE STATEMENT
Title Foundations of electronics /
Statement of responsibility, etc. Russell L. Meade.
250 ## - EDITION STATEMENT
Edition statement 3rd ed.
260 ## - PUBLICATION, DISTRIBUTION, ETC.
Place of publication, distribution, etc. Albany, N.Y. :
Name of publisher, distributor, etc. Delmar Publishers,
Date of publication, distribution, etc. c1999.
300 ## - PHYSICAL DESCRIPTION
Extent xxxii, 860 p. :
Other physical details col. ill. ;
Dimensions 26 cm.
505 ## - FORMATTED CONTENTS NOTE
Formatted contents note Part1: Foundational Concepts.Part 2: Bsic Circuits Anaylsis Part 3: Producing $ Measuring Elec Part 4: Reactive Commponents (Page-464).
650 #0 - SUBJECT ADDED ENTRY--TOPICAL TERM
Topical term or geographic name entry element Telecommunication Engineering.
942 ## - ADDED ENTRY ELEMENTS (KOHA)
Koha item type Reference
Source of classification or shelving scheme
Holdings
Withdrawn status Lost status Source of classification or shelving scheme Damaged status Not for loan Permanent Location Current Location Shelving location Date acquired Full call number Barcode Date last seen Price effective from Koha item type Public note
          Military College of Signals (MCS) Military College of Signals (MCS) General Stacks 12/12/2016 621.381,MEA MCS28272 12/08/2016 12/12/2016 Book Almirah No.31, Shelf No.4
© 2023 Central Library, National University of Sciences and Technology. All Rights Reserved.